FUNDAMENTAL FOOD MICROBIOLOGY (Record no. 11960)

MARC details
000 -LEADER
fixed length control field 00339nam a22001577a 4500
003 - CONTROL NUMBER IDENTIFIER
control field SGT
020 ## - INTERNATIONAL STANDARD BOOK NUMBER
International Standard Book Number 0-8493-7529-0
082 ## - DEWEY DECIMAL CLASSIFICATION NUMBER
Classification number 664.001
Item number F14R
100 ## - MAIN ENTRY--PERSONAL NAME
Personal name RAY, BIBEK
245 ## - TITLE STATEMENT
Title FUNDAMENTAL FOOD MICROBIOLOGY
250 ## - EDITION STATEMENT
Edition statement 4TH
260 ## - PUBLICATION, DISTRIBUTION, ETC. (IMPRINT)
Place of publication, distribution, etc LONDON
Name of publisher, distributor, etc CRC
Year of Publication 2014
300 ## - PAGE DESCRIPTION
No. of Pages 492
650 ## - SUBJECT ADDED ENTRY--TOPICAL TERM
Topical term or geographic name as entry element MICROBIOLOGY
942 ## - ADDED ENTRY ELEMENTS (KOHA)
Source of classification or shelving scheme Dewey Decimal Classification
Koha item type Books
942 ## - ADDED ENTRY ELEMENTS (KOHA)
-- 13
Holdings
Withdrawn status Lost status Source of classification or shelving scheme Damaged status Not for loan Collection code Home library Current library Shelving location Date acquired Vendor Name Cost, normal purchase price SGTU Bill Number Total Checkouts Total Renewals Full call number Accession No. (Barcode) Date last seen Date last borrowed Bill Date Koha item type
    Dewey Decimal Classification     MEDICAL SGT Medical Library SGT Medical Library Reference Book 26/06/2017 ABC 1895.00 SGTU 8041 18 2 664.001 F14R FM8531 18/08/2025 04/08/2025 11/04/2017 Books